=LDR 00000nam 2200000 4500 =001 INLIS000000000030001 =005 20130612132203 =008 ***********************************ind** =035 ##$$0010-061300000030001 =041 ##$$a ind =082 ##$$a 616.075 4 =090 ##$$a 616.075 4, SWA i =100 ##$$a Wartz, Mark H =245 ##$$a Intisari buku ajar diagnostik fisik, Mark H. Swartz; alih bahasa, Huriawati Hartanto =260 ##$$a 1997 $b Jakarta =300 ##$$a x, 247 hlm., 21 cm =650 ##$$a Fisik, Diagnostik =700 ##$$a Hartanto, Huriawati =850 ##$$a NBPNMAT